000
00277nam a2200097Ia 4500
001
685004
005
20250826161509.0
008
250824s9999 xx 000 0 und d
245
0
_a
ŞIK - TUTUŞMUŞ GÖNÜLLER/H.R.GÜRPINAR/EVEREST
_c
HÜSEYİN RAHMİ GÜRPINAR
260
_b
EVEREST
999
_c
685004
_d
685004